ATS : publicació de l'Associació de Teatre Selecte publicació de l'Associació de Teatre Selecte
Descripción Física:
il.; 46 cm
MARC
| LEADER | 00000nam a2200000Ia 4500 | ||
|---|---|---|---|
| 003 | BGR | ||
| 005 | 20260324180557.0 | ||
| 008 | 160829s1934-[19--?] xx 000 0 cat d | ||
| 008 | 160829s9999 xx 000 0 cat d | ||
| 080 | |a Revistes | ||
| 245 | |a ATS : |b publicació de l'Associació de Teatre Selecte | ||
| 260 | |a Barcelona : |b ATS, |c 1934-[19--?] | ||
| 300 | |a il.; |c 46 cm | ||
| 362 | |a Núm. 1 (gen./febr. 1934)- | ||
| 590 | |a Bimestral, amb irregularitats. | ||
| 590 | |a Prové de Q-283, exp. 372 | ||
| 650 | |a Associació de Teatre Selecte |x Revistes |9 49095 | ||
| 650 | |a Teatre |x Catalunya |x Revistes |9 49096 | ||
| 710 | 2 | |9 70350 |a Associació de Teatre Selecte | |
| 866 | |a 1934 (1, 2, 3, 4, 5), 1935 (6, 7) | ||
| 901 | |a Arxiu | ||
| 942 | |n 1 |2 udc |c MON | ||
| 952 | |0 0 |1 0 |4 0 |6 REVISTES |7 1 |9 55091 |a Arxiu |b Arxiu |d 2012-09-07 |l 0 |o Revistes |r 2016-12-01 00:00:00 |w 2016-12-01 |y ARXIU | ||
| 999 | |c 58963 |d 58963 | ||